Segregácia 2000 : Zborník prednášok, Košice 25.5.2000 /

Gespeichert in:
Bibliographische Detailangaben
Format: Buch
Veröffentlicht: Košice : Technická univerzita v Košiciach, 2000
Schlagworte:
Tags: Tag hinzufügen
Keine Tags, Fügen Sie das erste Tag hinzu!

MARC

LEADER 00000nam a22000003a 4500
001 stu53859
005 20150408162114.0
008 000606s2000----xo----------------------d
040 |a STU  |b slo 
041 0
044 |a xo 
080 |a 669(082) 
245 |a Segregácia 2000 :  |b Zborník prednášok, Košice 25.5.2000 /  |c Košice, 25. mája 2000 
260 |a Košice :  |b Technická univerzita v Košiciach,  |c 2000 
300 |a 55 s 
650 7 |a segregácia  |2 stusub 
650 7 |a metalurgia  |2 stusub 
996 |b 284M004962  |c M*Z-1630  |l MMKN  |s A  |a 24  |w stu53859_0001